Principles of Green Chemistry - Statistics

General Stats
  • This quiz has been taken 8 times
  • The average score is 8 of 12
Answer Stats
Hint Answer % Correct
6 Design for Energy Efficiency
100%
7 Use of Renewable Feedstocks
100%
2 Atom Economy
67%
9 Catalysis
67%
10 Design for Degradation
67%
4 Designing Safer Chemicals
67%
12 Inherently Safer Chemistry for Accident Prevention
67%
3 Less Hazardous Chemical Synthesis
67%
8 Reduce Derivatives
67%
5 Safer Solvents and Auxiliaries
67%
1 Waste Prevention
67%
11 Real-Time Analysis for Pollution Prevention
33%
No matching quizzes found
Score Distribution
Percent of People with Each Score
Percentile by Number Answered
Your Score History
You have not taken this quiz